[Event "Mare di Fano op 2nd"]
[Site "Fano"]
[Date "2013.08.03"]
[Round "8"]
[White "Persson, Andreas"]
[Black "Fathi, Hassan"]
[Result "1-0"]
[WhiteElo "2167"]
[BlackElo "1921"]
[PlyCount "65"]
[EventDate "2013.07.29"]
[EventType "swiss"]
[EventRounds "9"]
[EventCountry "ITA"]
[SourceTitle "EXT 2015"]
[Source "ChessBase"]
[SourceDate "2014.11.20"]
[SourceVersion "1"]
[SourceVersionDate "2014.11.20"]
[SourceQuality "1"]

1. e4 c6 2. d4 d6 3. Nc3 Qc7 4. f4 e5 5. Nf3 Nd7 6. Bd3 Ngf6 7. 0-0 Be7 8. Kh1 0-0 9. Ne2 Re8 10. Ng3 Bf8 11. c3 c5 12. fxe5 dxe5 13. d5 c4 14. Bc2 Bc5 15. Qe2 Bf8 16. Nf5 g6 17. Nh6+ Bxh6 18. Bxh6 Ng4 19. Bd2 Nb6 20. a4 Nf6 21. a5 Nbd7 22. Ba4 a6 23. Ng5 Rf8 24. Bc2 h6 25. Nf3 Kg7 26. Be3 Ng8 27. Nd2 Ndf6 28. Nxc4 Bg4 29. Qd3 Rac8 30. Nb6 Rcd8 31. c4 Nxe4 32. Qxe4 Bf5 33. Rxf5 1-0

[Event "Mare di Fano op 2nd"]
[Site "Fano"]
[Date "2013.08.01"]
[Round "5"]
[White "Panella, Fiammetta"]
[Black "Fathi, Hassan"]
[Result "1/2-1/2"]
[WhiteElo "2050"]
[BlackElo "1921"]
[PlyCount "42"]
[EventDate "2013.07.29"]
[EventType "swiss"]
[EventRounds "9"]
[EventCountry "ITA"]
[SourceTitle "EXT 2015"]
[Source "ChessBase"]
[SourceDate "2014.11.20"]
[SourceVersion "1"]
[SourceVersionDate "2014.11.20"]
[SourceQuality "1"]

1. e4 d6 2. d4 Nf6 3. Nc3 Nbd7 4. Nge2 e5 5. f3 c6 6. Be3 Be7 7. Qd2 Qc7 8. g4 a6 9. Ng3 b5 10. g5 Ng8 11. Nf5 Bf8 12. 0-0-0 g6 13. Ng3 h5 14. f4 h4 15. Nge2 Nb6 16. Ng1 Bg4 17. Be2 Nc4 18. Qd3 Bxe2 19. Ngxe2 0-0-0 20. b3 Nxe3 21. Qxe3 Be7 1/2-1/2